K niektorým aspektom nástupu novej ekonomiky v globalizajúcom sa svete dizertačná práca

Salvato in:
Dettagli Bibliografici
Autore principale: Verček, Peter
Ente Autore: Ekonomická univerzita v Bratislave. Obchodná fakulta
Altri autori: Baláž, Peter
Natura: Libro
Lingua:slovacco
Pubblicazione: Bratislava 2001
Soggetti:
Tags: Aggiungi Tag
Nessun Tag, puoi essere il primo ad aggiungerne!!

MARC

LEADER 00000nbm a2200000 4500
001 0179021
005 20221207102651.9
041 0 |a slo 
044 |a SK 
245 1 0 |a K niektorým aspektom nástupu novej ekonomiky v globalizajúcom sa svete  |b dizertačná práca  |c Peter Verček ; školiteľ: Peter Baláž 
264 1 |a Bratislava  |c 2001 
300 |a 110 s. 
610 2 0 |a ekonomika nová 
610 2 0 |a technológie informačné 
610 2 0 |a makroekonomika 
610 2 0 |a mikroekonomika 
610 2 0 |a využitie počítačov 
610 2 0 |a globalizácia 
100 1 |a Verček, Peter 
700 1 |a Baláž, Peter 
710 2 |a Ekonomická univerzita v Bratislave. Obchodná fakulta